=LDR 00000nam 2200000 4500 =001 INLIS000000000020605 =005 20130612115543 =008 ***********************************Ind** =035 ##$$0010-061300000020605 =041 ##$$a Ind =082 ##$$a 028.5 =090 ##$$a 028.5, Ali k =100 ##$$a Aliyyah, Ummu Usamah =245 ##$$a Kisah-kisah pilihan untuk anak muslim, disusun oleh Ummu Usamah Aliyyah, Ummu Mu'adz Kafi'ah =260 ##$$a 2006 $b Yogyakarta =300 ##$$a ...jil, ilus, 21 cm =650 ##$$a Bacaan anak dan remaja =850 ##$$a NBPNMAT